000 00504nam a22001697a 4500
001 45641
003 BD-DhUET
008 260331b xxu||||| |||| 00| 0 eng d
040 _c0
_dBD-DhUET
100 _a Rana Sheikh,Md.
245 _a Performance improvement of zinc ion batteries using graphene decorated manganese oxide cathode
260 _aDhaka
_bDepartment of Chemistry, BUET
_c2026
300 _aviii,81p.
501 _aOne CD-ROM
504 _aIncludes bibliographies
942 _cTH
999 _c45641
_d45641